000 00631cam a22002174a 4500
005 20250605164158.0
008 250528s ||||||||||||||||||||||||d
035 _a19667
020 _a9607235568
040 _aGR-AtMCL
_bgre
_dGR-AtMCL
_eAACR2
245 1 _aΤΗΛΕΠΛΗΡΟΦΟΡΙΚΗ ΚΑΙ ΔΙΚΤΥΑ ΥΠΟΛΟΓΙΣΤΩΝ
250 _a1
260 _bΝέων Τεχνολογιών,
_c1994
300 _a366
700 1 _aΔραγωνας Γιαν
_95867
700 1 _aΠαναγιωτοπουλος Α
_95868
700 1 _aΣκουρλας Χρ
_95869
942 _cBK
999 _c4923
_d4923